| 000 | 01596cam a2200361 a 4500 | ||
|---|---|---|---|
| 001 | 15965586 | ||
| 005 | 20100519162947.0 | ||
| 008 | 091029s2010flua | b 001 0 eng d | ||
| 010 | _a 2009042279 | ||
| 015 |
_aGBA991288 _2bnb |
||
| 016 | 7 |
_a015371573 _2Uk |
|
| 020 | _a9781420082944 (hardcover : alk. paper) | ||
| 020 | _a1420082949 (hardcover : alk. paper) | ||
| 035 | _a(OCoLC)ocn226357438 | ||
| 040 |
_aDLC _cDLC _dBTCTA _dBAKER _dC#P _dYDXCP _dBWX _dCDX _dUKM _dDLC |
||
| 050 | 0 | 0 |
_aTJ267 _b.W75 2010 |
| 082 | 0 | 0 |
_222 _a621.406 _bWRI |
| 100 | 1 |
_aWright, Terry, _d1938- _922345 |
|
| 245 | 1 | 0 |
_aFluid Machinery : _bApplication, Selection, and Design / _cTerry Wright, Philip M. Gerhart. |
| 250 | _a2nd ed. | ||
| 260 |
_aBoca Raton : _bCRC Press, _cc2010. |
||
| 300 |
_axvi, 437 p. : _bill. ; _c25 cm. |
||
| 504 | _aIncludes bibliographical references and index. | ||
| 541 | _aBacca ; | ||
| 650 | 0 |
_aTurbomachines. _922346 |
|
| 650 | 0 |
_aFluid mechanics. _922347 |
|
| 700 | 1 |
_aGerhart, Philip M. _922348 |
|
| 942 |
_2ddc _cBB |
||
| 999 |
_c14967 _d14967 |
||